| 000 | 00868nam a2200313 b 4500 | ||
|---|---|---|---|
| 001 | 001699 | ||
| 003 | DO-SdBNP | ||
| 005 | 20180221153043.0 | ||
| 007 | 001699 | ||
| 008 | 010821s2001 sp | ||| ||spa | ||
| 016 | 7 |
_a _2BPMSU |
|
| 017 |
_a _b |
||
| 020 | _a8421611097 | ||
| 035 | _a | ||
| 040 |
_aBPMSU _bspa _cBPMSU _e |
||
| 080 | 0 | _a | |
| 100 | 1 |
_aSanjuán, Emilio _d1948- |
|
| 245 | 1 | 0 |
_aSimón, Simón / _h _cEmilio Sanjuán ; ilustración, Javier Zabala ; taller de lectura, Antonio-Manuel Fabregat |
| 250 | _a16ª ed. | ||
| 260 |
_aMadrid : _bBruño, _c2001 |
||
| 300 |
_a113 p.: _bil.; _c19 cm |
||
| 490 | _aAltamar | ||
| 700 | 1 |
_aZabala, Javier _d1962- |
|
| 700 | 1 |
_aFabregat, Antonio-Manuel _d1936- |
|
| 830 | _aAltamar | ||
| 942 |
_2ddc _cBK |
||
| 945 | _aInventariado, 2018 / BT | ||
| 956 |
_a VMATEO _b10 _c20160523 _dBPMSU _f0069 |
||
| 999 |
_c10198 _d10198 |
||